Flora of Turkey and the East Aegean islands
Saved in:
| Other Authors: | , , |
|---|---|
| Format: | Book |
| Language: | English |
| Published: |
Edinburgh :
Edinburgh University Press,
1965-2000
|
| Subjects: | |
| Tags: |
Add Tag
No Tags, Be the first to tag this record!
|
MARC
| LEADER | 00000cam a2200000 i 4500 | ||
|---|---|---|---|
| 001 | 1/14379 | ||
| 008 | 980508m19652000 eng d | ||
| 020 | |a 0-7486-1409-5 (τ.11) | ||
| 035 | |1 ΠΑΡ |a 1997 |l 10019398 | ||
| 040 | |a GR-MY-UA |b gre |e aacr | ||
| 041 | 0 | |a eng | |
| 082 | 0 | |a 581.9561 | |
| 245 | 1 | 0 | |a Flora of Turkey and the East Aegean islands / |c Edited by P. H. Davis; J. Cullen; M. J. E. Coode |
| 260 | |a Edinburgh : |b Edinburgh University Press, |c 1965-2000 | ||
| 300 | |a 11τ. | ||
| 500 | |a Volume ten includes supplement | ||
| 500 | |a Ο κύριος στόχος αυτού του τόμου είναι να συγκεντρώσει όλα τα νέα στοιχεία όσον αφορά τα τούρκικά αγγειακά φυτά που δημοσιεύτηκαν απο το πρώτο συμπλήρωμα του τόμου 10 και παρουσιάστηκαν στο δεύτερο συμπλήρωμα του τόμου 11 | ||
| 504 | |a Περιέχει βιβλιογραφικές παραπομπές και ευρετήρια | ||
| 650 | 0 | 0 | |a Botany |z Turkey. |
| 650 | 0 | 0 | |a Botany |z Aegean Islands (Greece and Turkey) |
| 650 | 0 | 0 | |a Botany |z Turkey |x Classification. |
| 650 | 0 | 0 | |a Botany |z Aegean Islands (Greece and Turkey) |x Classification. |
| 700 | 1 | |a Davis, P. H. |q (Peter Hadland) |4 edt | |
| 700 | 1 | |a Cullen, J. |q (James) |4 edt | |
| 700 | 1 | |a Coode, M. J. E. |4 edt | |
| 852 | |a INST |b LESVOS |e 19980508 |h 581.9561 FLO |p 005100014873 |q 005100014873 |t REF |y 23 |z τ.4 | ||
| 852 | |a INST |b LESVOS |e 19980508 |h 581.9561 FLO |p 005100014874 |q 005100014874 |t REF |y 23 |z τ.5 | ||
| 852 | |a INST |b LESVOS |e 19980508 |h 581.9561 FLO |p 005100014875 |q 005100014875 |t REF |y 23 |z τ.6 | ||
| 852 | |a INST |b LESVOS |e 19980508 |h 581.9561 FLO |p 005100014876 |q 005100014876 |t REF |y 23 |z τ.7 | ||
| 852 | |a INST |b LESVOS |e 19980508 |h 581.9561 FLO |p 005100014877 |q 005100014877 |t REF |y 23 |z τ.8 | ||
| 852 | |a INST |b LESVOS |e 19980508 |h 581.9561 FLO |p 005100014878 |q 005100014878 |t REF |y 23 |z τ.9 | ||
| 852 | |a INST |b LESVOS |e 19980508 |h 581.9561 FLO |p 005100014879 |q 005100014879 |t REF |y 23 |z τ.10 | ||
| 852 | |a INST |b LESVOS |e 19980508 |h 581.9561 FLO |p 005100014958 |q 005100014958 |t REF |y 23 |z τ.3 | ||
| 852 | |a INST |b LESVOS |e 19980508 |h 581.9561 FLO |p 005100014959 |q 005100014959 |t REF |y 23 |z τ.2 | ||
| 852 | |a INST |b LESVOS |e 19980508 |h 581.9561 FLO |p 005100014960 |q 005100014960 |t REF |y 23 |z τ.1 | ||
| 852 | |a INST |b LESVOS |e 20100729 |h 581.9561 FLO |p 005100048600 |q 005100048600 |t REF |y 23 |z τ.11 | ||
| 852 | |a INST |b LESVOS |e 19980508 |h 581.9561 FLO |p 005100014873 |q 005100014873 |t REF |v τ.4: |y 23 |z τ.4 | ||
| 852 | |a INST |b LESVOS |e 19980508 |h 581.9561 FLO |p 005100014874 |q 005100014874 |t REF |v τ.5: |y 23 |z τ.5 | ||
| 852 | |a INST |b LESVOS |e 19980508 |h 581.9561 FLO |p 005100014875 |q 005100014875 |t REF |v τ.6: |y 23 |z τ.6 | ||
| 852 | |a INST |b LESVOS |e 19980508 |h 581.9561 FLO |p 005100014876 |q 005100014876 |t REF |v τ.7: |y 23 |z τ.7 | ||
| 852 | |a INST |b LESVOS |e 19980508 |h 581.9561 FLO |p 005100014877 |q 005100014877 |t REF |v τ.8: |y 23 |z τ.8 | ||
| 852 | |a INST |b LESVOS |e 19980508 |h 581.9561 FLO |p 005100014878 |q 005100014878 |t REF |v τ.9: |y 23 |z τ.9 | ||
| 852 | |a INST |b LESVOS |e 19980508 |h 581.9561 FLO |p 005100014879 |q 005100014879 |t REF |v τ.10: |y 23 |z τ.10 | ||
| 852 | |a INST |b LESVOS |e 19980508 |h 581.9561 FLO |p 005100014958 |q 005100014958 |t REF |v τ.3: |y 23 |z τ.3 | ||
| 852 | |a INST |b LESVOS |e 19980508 |h 581.9561 FLO |p 005100014959 |q 005100014959 |t REF |v τ.2: |y 23 |z τ.2 | ||
| 852 | |a INST |b LESVOS |e 19980508 |h 581.9561 FLO |p 005100014960 |q 005100014960 |t REF |v τ.1: |y 23 |z τ.1 | ||
| 852 | |a INST |b LESVOS |e 20100729 |h 581.9561 FLO |p 005100048600 |q 005100048600 |t REF |v τ.11: |y 23 |z τ.11 | ||
| 853 | |a INST |b LESVOS |h 581.9561 FLO | ||
| 909 | |a Λ |b 036444 | ||
| 909 | |a Λ |b 166417 | ||